Jornadas de riego y agricultura de precisión : 15 y 16 de mayo de 1997.
Guardado en:
| Autor Corporativo: | |
|---|---|
| Formato: | Libro |
| Idioma: | Spanish |
| Publicado: |
Manfredi :
INTA EEA Manfredi,
1997.
|
| Etiquetas: |
Agregar Etiqueta
Sin Etiquetas, Sea el primero en etiquetar este registro!
|
| LEADER | 00539nam a22001335a 4500 | ||
|---|---|---|---|
| 001 | EEA.libagro005692 | ||
| 005 | 20161012121006.0 | ||
| 008 | 130809s1997####ag#a##########000#0#spa#d | ||
| 082 | 0 | 4 | |a 631.587 |
| 110 | 2 | |a Instituto Nacional de Tecnología Agropecuaria (Argentina). |b Estación Experimental Agropecuaria Manfredi. | |
| 245 | 1 | 0 | |a Jornadas de riego y agricultura de precisión : |b 15 y 16 de mayo de 1997. |
| 260 | |a Manfredi : |b INTA EEA Manfredi, |c 1997. | ||
| 300 | |a 39 p. : |b il. ; |c 30 cm. | ||
| 859 | |a AR-BbBCA |b BIB. AGRONOMIA |h 631.587 |i J82 1997 |p 1997/3036 | ||
